000 01101nam a22003017a 4500
001 4866
003 FISKH
005 20241021153255.0
008 241021b cb ||||| |||| 00| 0 eng d
020 _a9781593540661
040 _aFISKH
_beng
_cFISKH
_dFISKH
050 _aPZ7.Z487
082 _a813.3
100 _aZiefert, Harriet
_d(1941-)
245 _aMurphy meets paris /
_cHarriet Ziefert Illustrated by Emily Bolam
250 _aFirst edition in 2004.
260 _aMaplewood :
_bBlue Apple Books,
_c2004.
300 _a32 pages :
_bColor illustrations ;
_c29 cm
505 _aL
520 _a"Murphy and Cheryl jet off to Paris on a special 'Heavenly Pets' package. Although Murphy is miserable after the long plane trip, he soon perks up after a good night's sleep and a delicious dog breakfast at the four-star hotel where he and Cheryl are staying..."
521 8 _a510L
_bLexile
521 8 _aL
_bRaz-Plus
650 _2Children's book
_aDog
650 _2French food
_aLabrador Retriever
700 _aBolam, Emily
_dIllustrator
942 _2ddc
_cBK
_n0
999 _c4866
_d4866